|
|
|
|
| LEADER |
01169nam a2200277 a 4500 |
| 001 |
45828617 |
| 008 |
090816s2001 enk b 001 0 eng d |
| 010 |
|
|
|a 95043248
|
| 020 |
|
|
|a 0521801273
|
| 020 |
|
|
|a 0521805163 (pbk.)
|
| 040 |
|
|
|a UKM
|c UKM
|d AZS
|d NTE
|
| 082 |
0 |
0 |
|a 428.0071
|2 21
|
| 100 |
1 |
|
|a Buscemi, Santi V.
|
| 245 |
1 |
2 |
|a The Cambridge guide to teaching English to speakers of other languages /
|c edited by Ronald Carter and David Nunan.
|
| 246 |
3 |
0 |
|a Teaching English to speakers of other languages
|
| 260 |
|
|
|a Cambridge :
|b Cambridge University Press,
|c 2001.
|
| 300 |
|
|
|a x, 294 p. ;
|c 26 cm.
|
| 504 |
|
|
|a Includes bibliographical references (p. 229-273) and index.
|
| 541 |
1 |
|
|e 00011307
|
| 650 |
|
0 |
|a College readers.
|
| 650 |
|
0 |
|a English language
|x Study and teaching
|x Foreign speakers.
|
| 700 |
1 |
|
|a Nunan, David.
|
| 700 |
1 |
|
|a Carter, Ronald,
|d 1947-
|
| 852 |
4 |
|
|a Ayesha Abed Library
|j General shelf
|
| 999 |
|
|
|c 3151
|d 3151
|
| 952 |
|
|
|0 0
|1 0
|2 ddc
|4 0
|6 428_007100000000000_BUS_2001
|7 0
|9 2856
|a BRACUL
|b BRACUL
|c GEN
|d 2009-08-30
|g 0.00
|l 4
|m 8
|o 428.0071 BUS
|p 3010011307
|r 2012-07-26
|s 2012-06-07
|t 1
|w 2009-08-30
|y BK
|x No price found in the accession register.
|